Sistemas de decisión gerencial / (Registro nro. 4428)

Detalles MARC
000 -LEADER
fixed length control field 00979nam a2200253Ia 4500
003 - CONTROL NUMBER IDENTIFIER
control field OSt
005 - DATE AND TIME OF LATEST TRANSACTION
control field 20201029152116.0
008 - FIXED-LENGTH DATA ELEMENTS--GENERAL INFORMATION
fixed length control field 191128t1970 m ad gr 001 0 spa d
040 ## - CATALOGING SOURCE
Original cataloging agency CO-JMCR
Transcribing agency CO-JMCR
041 0# - LANGUAGE CODE
Language code of text/sound track or separate title spa
082 04 - DEWEY DECIMAL CLASSIFICATION NUMBER
Classification number 658.5 /
Item number T584s
Edition number 23
100 1# - MAIN ENTRY--PERSONAL NAME
Personal name Timms, Howard L. ,
Relator term autor
9 (RLIN) 12234
245 10 - TITLE STATEMENT
Title Sistemas de decisión gerencial /
Statement of responsibility, etc. Howard L. Timms ; [traducción, Juan Thomas]
260 ## - PUBLICATION, DISTRIBUTION, ETC.
Place of publication, distribution, etc. México :
Name of publisher, distributor, etc. Centro Regional de Ayuda Técnica,
Date of publication, distribution, etc. ©1970
300 ## - PHYSICAL DESCRIPTION
Extent 174 páginas :
Other physical details ilustraciones y gráficas a blanco y negro ;
Dimensions 19 cm.
490 0# - SERIES STATEMENT
Series statement Biblioteca de ciencias económicas. Serie de sistemas de control gerencial
500 ## - GENERAL NOTE
General note Incluye índices de autores y temático.
650 14 - SUBJECT ADDED ENTRY--TOPICAL TERM
Topical term or geographic name entry element Análisis de sistemas Industria
9 (RLIN) 12235
650 14 - SUBJECT ADDED ENTRY--TOPICAL TERM
Topical term or geographic name entry element Empresas
General subdivision dirección y administración
9 (RLIN) 12016
650 14 - SUBJECT ADDED ENTRY--TOPICAL TERM
Topical term or geographic name entry element Organización industrial
9 (RLIN) 12236
650 24 - SUBJECT ADDED ENTRY--TOPICAL TERM
Topical term or geographic name entry element Decisiones económicas
9 (RLIN) 12036
700 1# - ADDED ENTRY--PERSONAL NAME
Personal name Thomas, Juan,
Relator term traductor
9 (RLIN) 12237
942 ## - ADDED ENTRY ELEMENTS (KOHA)
Source of classification or shelving scheme Dewey Decimal Classification
Koha item type Books
Existencias
Withdrawn status Lost status Source of classification or shelving scheme Damaged status Not for loan Collection code Home library Current library Date acquired Source of acquisition Full call number Barcode Date last seen Copy number Koha item type
    Dewey Decimal Classification     Non-fiction Biblioteca Pública José María del Castillo y Rada Biblioteca Pública José María del Castillo y Rada 04/15/2018 Donación 658.5 / T584s 201809290 05/16/2024 Ej.1 Books